| 000 | 00633nam a22002057a 4500 | ||
|---|---|---|---|
| 005 | 20260519155804.0 | ||
| 010 | _aENG-131942 ENG-148549 | ||
| 020 |
_a9789387162587 _c375.00 |
||
| 035 | _aEN-115474 | ||
| 035 | _aEN-132081 | ||
| 037 | _bDBAD | ||
| 082 |
_a515 _24 |
||
| 100 | _aChatterjee, Utpal | ||
| 245 |
_aAdvanced Mathematical Analysis: _bTheory And Problems/ _cUtpal Chatterjee |
||
| 250 | _a4 | ||
| 260 |
_aKolkata _bAcademic Publishers _c2013 |
||
| 270 |
_a5A Bhawani Dutta Lane _bKolkata _e700073 _mcontact@academicpublishers.in |
||
| 300 |
_a683p. _b,Index _c24cm(pb) |
||
| 942 |
_2ddc _cEN _h515 _mCHA _e4 |
||
| 999 |
_c216282 _d216282 |
||